000 00622cam a2200145 4500500
005 20251228074016.0
041 _afre
042 _adc
100 1 0 _aGros, Pierre
_eauthor
245 0 0 _aBruno Brunella, Falezza Giovanna (dir.), Archeologia e storia sul Monte Castelon di Marano di Valpolicella (Documenti di archeologia, 59), Mantoue, SAP, 2015, 1 vol. 21 x 29,5, 394 p., fig. ds t.
260 _c2017.
500 _a5
786 0 _nRevue archéologique | 64 | 2 | 2017-11-24 | p. 369t-448t | 0035-0737
856 4 1 _uhttps://shs.cairn.info/revue-archeologique-2017-2-page-369t?lang=fr&redirect-ssocas=7080
999 _c1596641
_d1596641